00545nam a22001577a 450000500170000002000230001703500130004003700130005310000240006624500580009026000470014830000250019594200270022099900170024795201230026420120505120524.0 a8175101873c495.00 aB-158202 aDPLbENG aPrasad, A.R.946467 aA study on the theory of production /cby A.R. Prasad aNew DelhibReliance Publishing Housec2005 axxix, 489p.c20 cms. 2ddccENh330.0151mPRA c66206d66206 001040708NFICaZLSbZLSd2012-05-05g495.00l0o330.0151 PRApB-158202r2012-05-05 00:00:00v495.00w2012-05-05yEN